000 01004nam a22002417a 4500
003 PE SENCICO BE
005 20251020182645.0
008 231031b |||||||| |||| 00| 0 eng d
040 _aPE SENCICO BE
_cPE SENCICO BE
041 _aspa
084 _aI
_aDIS
_a2015
_bM36
100 1 _91746
_aMedina Dávila, Gabriela Pierina
_eautor
245 1 _aTeórico :
_bacabados y enchapes en paredes en espacios interiores /
_cGabriela Pierina Medina Dávila
260 _aLima :
_c2015
300 _a53 h. :
_bil. col., tabls. ;
_c30 cm.
502 _aMonografía de Titulación.-- Servicio Nacional de Capacitación para la Industria de la Construcción. Escuela Superior Técnica. Carrera Profesional Técnica en Diseño de Interiores, 2015
650 1 0 _944
_aDiseño de interiores
650 2 0 _9846
_aAcabados
650 2 0 _91620
_aEnchapes
710 1 _aServicio Nacional de Capacitación para la Industria de la Construcción.
_bEscuela Superior Técnica
_91065
910 _bhfp
_chfp
942 _cMON
999 _c4413
_d4413